Every Manchester United Goal Scorer in the 2004/05 Premier League - Statistics

General Stats
  • This quiz has been taken 18 times
  • The average score is 42 of 56
Answer Stats
Game Scorer % Correct
Arsenal (H) Rooney
94%
Newcastle United (A) Rooney
94%
Newcastle United (A) Rooney
94%
Southampton (H) Rooney
94%
Liverpool (A) Rooney
94%
Birmingham City (H) Rooney
94%
Manchester City (A) Rooney
94%
Portsmouth (H) Rooney
94%
Portsmouth (H) Rooney
94%
Newcastle United (H) Rooney
94%
Charlton Athletic (A) Rooney
94%
Tottenham Hotspur (A) van Nistelrooy
88%
Arsenal (H) van Nistelrooy
88%
Newcastle United (A) van Nistelrooy
88%
West Bromwich Albion (A) van Nistelrooy
88%
Chelsea (H) van Nistelrooy
88%
Southampton (A) van Nistelrooy
88%
Charlton Athletic (H) Giggs
82%
Bolton Wanderers (H) Giggs
82%
Aston Villa (A) Giggs
82%
Middlesbrough (A) Giggs
82%
Arsenal (A) Giggs
82%
West Bromwich Albion (H) Giggs
82%
Southampton (H) Ronaldo
82%
Aston Villa (H) Ronaldo
82%
Arsenal (A) Ronaldo
82%
Arsenal (A) Ronaldo
82%
Fulham (H) Ronaldo
82%
Charlton Athletic (H) Scholes
82%
West Bromwich Albion (A) Scholes
82%
West Bromwich Albion (A) Scholes
82%
Southampton (H) Scholes
82%
Crystal Palace (H) Scholes
82%
Crystal Palace (H) Scholes
82%
Bolton Wanderers (H) Scholes
82%
Aston Villa (H) Scholes
82%
Charlton Athletic (A) Scholes
82%
Birmingham City (H) Keane
76%
Crystal Palace (H) O'Shea
71%
Arsenal (A) O'Shea
71%
Newcastle United (H) Brown
65%
Middlesbrough (A) Fletcher
59%
Charlton Athletic (A) Fletcher
59%
Southampton (A) Fletcher
59%
Aston Villa (H) Saha
59%
Liverpool (H) Silvestre
59%
Liverpool (H) Silvestre
59%
Bolton Wanderers (A) Heinze
53%
Norwich City (H) Smith
47%
Blackburn Rovers (A) Smith
47%
Middlesbrough (H) Smith
47%
Fulham (A) Smith
47%
Crystal Palace (H) Smith
47%
Charlton Athletic (A) Smith
47%
Norwich City (H) Bellion
29%
Bolton Wanderers (A) Bellion
29%
No matching quizzes found
Score Distribution
Percent of People with Each Score
Percentile by Number Answered
Your Score History
You have not taken this quiz